Pokémon Go: Strongest Pokémon by Region: Johto - Statistics

General Stats
  • This quiz has been taken 30 times
  • The average score is 36 of 41
Answer Stats
Category Value Pokémon Type % Correct
Max HP 187 Dunsparce, Piloswine, Azumarill etc. n/a
100%
Max CP 3 473 Entei Fire
100%
DPS, PvE 15.502 Entei Fire
100%
TDO, PvE 532.3 Entei Fire
100%
TDO, PvP 217.4 Entei Fire
100%
Max CP 3 863 Ho-Oh Fire / Flying
96%
Attack 239 Ho-Oh Fire / Flying
96%
Defense 244 Ho-Oh Fire / Flying
96%
TDO, PvE 545 Ho-Oh Fire / Flying
96%
TDO, PvP 248.3 Ho-Oh Fire / Flying
96%
Max CP 3 703 Lugia Psychic / Flying
96%
Defense 310 Lugia Psychic / Flying
96%
Max HP 195 Lugia Psychic / Flying
96%
TDO, PvE 741.9 Lugia Psychic / Flying
96%
TDO, PvP 355.4 Lugia Psychic / Flying
96%
Max CP 3 452 Raikou Electric
96%
Attack 241 Raikou Electric
96%
DPS, PvE 16.133 Raikou Electric
96%
DPS, PvP 11.436 Raikou Electric
96%
TDO, PvP 246.7 Raikou Electric
96%
Max CP 3 834 Tyranitar Rock / Dark
96%
Attack 251 Tyranitar Rock / Dark
96%
DPS, PvP 10.604 Tyranitar Rock / Dark
96%
TDO, PvE 539.9 Tyranitar Rock / Dark
96%
TDO, PvP 261.4 Tyranitar Rock / Dark
96%
Attack 236 Scizor Bug / Steel
88%
DPS, PvE 15.166 Typhlosion Fire
84%
DPS, PvP 11.31 Typhlosion Fire
84%
Defense 240 Umbreon Dark
84%
Max HP 399 Blissey Normal
80%
TDO, PvE 604.1 Blissey Normal
80%
DPS, PvE 15.255 Feraligatr Water
80%
DPS, PvP 10.338 Feraligatr Water
80%
DPS, PvP 10.677 Heracross Bug / Fighting
80%
Max HP 221 Lanturn Water / Electric
80%
Defense 272 Steelix Steel / Ground
80%
Defense 396 Shuckle Bug / Rock
76%
Attack 261 Espeon Psychic
68%
DPS, PvE 15.621 Espeon Psychic
68%
Max HP 310 Wobbuffet Psychic
60%
Attack 236 Ursaring Normal
56%
No matching quizzes found
Score Distribution
Percent of People with Each Score
Percentile by Number Answered
Your Score History
You have not taken this quiz